000 00883nam a2200253 i 4500
001 45727
003 ES-MaACL
005 20250418063150.0
007 t|
008 030326s1968 sp ac |||| |dspa d
080 _a929 Unamuno, Miguel de
080 _a929 Alfonso XIII
100 1 _aComín Colomer, Eduardo,
_d1908-1975
_940010
245 1 0 _aUnamuno, libelista
_b: sus campañas contra Alfonso XIII y la dictadura /
_cpor Eduardo Comín Colomer.
260 _aMadrid :
_bVassallo de Mumbert,
_c1968.
300 _a176 p. :
_bil. ;
_c27 cm.
490 1 _aSiglo ilustrado
504 _aReferencias bibliográficas.
600 0 4 _aAlfonso
_bXIII,
_cRey de España
_9235132
600 1 4 _aUnamuno, Miguel de,
_d1864-1936-
_xPensamiento político
_9111988
830 0 _aSiglo ilustrado
_9176630
852 _aES-MaACL
_j2292-F-13
_xC-42326
_d
999 _c45727
_d45727